000 00511nam a22001817a 4500
003 OSt
005 20231026122548.0
008 160818b xxu||||| |||| 00| 0 eng d
020 _a1853156094
040 _c040a
082 _aWB18 K527g 2006
100 _aKhan, Sharmina R.A.; Frangouli, Ourania
_910817
245 _aGet Through MRCOphth part 3:
_bEMQs
260 _aLondon;
_bThe royal society of medicine press,
_c2006
300 _aiv, 209p;
_c14 cm.
650 _aMCQs Medicine
_92433
942 _2z
_cO_SHELF
999 _c5044
_d5044